Komunitné centrum

Saved in:
Bibliographic Details
Main Author: Beňa, Tomáš (Author)
Other Authors: Andráš, Milan (Thesis advisor)
Format: Manuscript Book
Language:Slovak
Published: Bratislava 2020
Subjects:
Online Access:http://is.stuba.sk/zp/portal_zp.pl?podrobnosti=139075
Tags: Add Tag
No Tags, Be the first to tag this record!

MARC

LEADER 00000ntm a22000003a 4500
001 stuzp79419
003 SK-STU
005 20211111102908.1
007 ta
008 150427s2015----xo-----f-mn---000-0-slo-d
040 |a STU  |b slo 
041 0 |a slo 
100 1 |a Beňa, Tomáš  |u 058180  |4 aut  |U FAD Fakulta architektúry a dizajnu  |T FAD Ústav architektúry občianskych budov  |X 88128  |U A8180  |Y 399  |7 88128 
242 0 1 |a Community Center  |y eng 
245 1 0 |a Komunitné centrum 
260 |c 2020  |a Bratislava 
650 4 |a Areál Palma  |2 slo 
650 4 |a Multifunkčná hala  |2 slo 
650 4 |a Komunitné centrum  |2 slo 
650 4 |a Multifunctional hall  |2 eng 
650 4 |a Areal Palma  |2 eng 
650 4 |a Community center  |2 eng 
700 1 |a Andráš, Milan  |u 058180  |k Z1  |4 ths  |U FAD Fakulta architektúry a dizajnu  |T FAD Ústav architektúry občianskych budov  |X 4208  |U A8180  |Y 399  |7 A000004208 
856 4 |u http://is.stuba.sk/zp/portal_zp.pl?podrobnosti=139075  |u https://opac.crzp.sk/?fn=detailBiblioForm&sid=2C8AB4190B6536A9D780197B1CEB